00425 2200181 4500001002100000005001500021008004100036020001800077035001900095041000700114082000800121090001400129100001800143245000800161260003700169300001700206650002000223INLIS00000000001516520241224114901241224||||||||| | ||| |||| || |  a979-692-661-x 0010-1224015165 aid0 a500 a500 POL a0 aSteve Pollock00aAIR aBandungbRemaja Rosdakaryac2006 a30hm;20x27cm 0ailmu ilmu murni